Conocer, conservar y utilizar sosteniblemente la fauna de Colombia (Registro nro. 320815)

Detalles MARC
000 -ENCABEZADO
Número de control [NR] 01110nam a22002537a 4500
005 - FECHA Y HORA DE LA ÚLTIMA TRANSACCIÓN
control field 20220315153102.0
008 - DE LONGITUD FIJA DE DATOS DE ELEMENTOS - INFORMACIÓN GENERAL
Elementos de longitud fija [NR] 220315s2006 ck a|||gr|||| 00| 0 spa d
020 ## - NUMERO INTERNACIONAL NORMALIZADO PARA LIBROS [R]
Número Internacional Normalizado del libro [NR] 9789589769089
040 ## - FUENTE DE CATALOGACION [NR]
Agencia de catalogación original [NR] CO-BoUCM
Idioma de catalogación [NR] spa
Quien Cataloga Deissy Garcia
Quien Clasifica Deissy Garcia
041 0# - CODIGO DE IDIOMA [R]
Código de idioma para texto/pista de sonido o título separado [R] Español
111 1# - ASIENTO PRINCIPAL--NOMBRE DE REUNION [NR]
Nombre de reunión o de jurisdicción como elemento de entrada [NR] Congreso Colombiano de Zoología
Lugar de la reunión [NR] Santa Marta (Colombia)
Fecha de la reunión [NR] noviembre,2006
Información miscelánea [NR] N° 2
9 (RLIN) 173951
245 10 - MENCION DE TITULO [NR]
Título [NR] Conocer, conservar y utilizar sosteniblemente la fauna de Colombia
Mención de responsabilidad, etc. [NR] edición M. Gonzalo Andrade C.; Jaime Aguirre C. ...[y otros 2.]
260 ## - PUBLICACION, DISTRIBUCION, ETC. (PIE DE IMPRENTA) [R]
Lugar de publicación, distribución, etc. [R] Bogotá
Nombre del editor, distribuidor, etc. [R] Panamericana
Fecha de publicación, distribución, etc. [R] 2006
300 ## - DESCRIPCION FISICA [R]
Extensión [R] 572 páginas
Otros detalles físicos [NR] ilustraciones
500 ## - NOTA GENERAL [R]
Nota general [NR] libro de resúmenes
504 ## - NOTA DE BIBLIOGRAFIA, ETC. [R]
Nota de bibliografía, etc. [NR] Incluye referencias bibliográficas e índices
650 #7 - ASIENTO SECUNDARIO DE MATERIA - TERMINO TEMATICO [R]
Término temático o nombre geográfico como elemento de entrada [NR] Fauna colombiana
Subdivisión general [R] Congresos, conferencias, etc.
9 (RLIN) 173952
650 #7 - ASIENTO SECUNDARIO DE MATERIA - TERMINO TEMATICO [R]
Término temático o nombre geográfico como elemento de entrada [NR] Animales
Subdivisión general [R] Congresos, conferencias, etc.
Subdivisión geográfica [R] Colombia
9 (RLIN) 173953
650 #7 - ASIENTO SECUNDARIO DE MATERIA - TERMINO TEMATICO [R]
Término temático o nombre geográfico como elemento de entrada [NR] Zoología
Subdivisión general [R] Congresos, conferencias, etc.
Subdivisión geográfica [R] Colombia
9 (RLIN) 173954
700 1# - ASIENTO SECUNDARIO - NOMBRE PERSONAL [R]
Nombre personal [NR] Andrade C., M. Gonzalo
Término de relación [R] editor
9 (RLIN) 167280
700 1# - ASIENTO SECUNDARIO - NOMBRE PERSONAL [R]
Nombre personal [NR] Aguirre C., Jaime
Término de relación [R] editor
9 (RLIN) 173955
942 ## - ELEMENTOS DE ENTRADA AGREGADOS (KOHA)
Sistema de clasificación DEWEY
Tipo de ítem principal el descrito en 300a Libro
Tema principal Ciencias puras
Edición 1
Clasificación 591
Parte restante de la signatura top. C749
Título oculto en OPAC No
Existencias
Signatura topográfica Código de barras Última vez visto Ejemplar Costo de reposición Price effective from Tipo de ítem Nota pública (OPAC) Perdido Sistema de clasificación Dañado No prestable Tipo de ítem específico Suprimido Ubicación habitual Ubicación actual Localización Fecha de creación Forma de adquisición Costo
591 C749 100169876 12/12/2025 Ej.1 26000.00 15/03/2022 Libro Spot Ciencias Naturales   DEWEY     Libro   Quinta de Mutis Quinta de Mutis 3er piso 15/03/2022 Donación 0.00